[Event "España ch sub-16 2009"]
[Site "Granada ESP"]
[Date "2009.07.19"]
[Round "9.5"]
[White "Baragano Campa, David"]
[Black "Bendayan Claros, Aaron"]
[Result "0-1"]
[WhiteElo "2090"]
[BlackElo "2151"]
[PlyCount "127"]
[EventDate "2009.07.14"]
[EventType "swiss"]
[EventRounds "9"]
[EventCountry "ESP"]
[Source "lmi"]
[SourceDate "2009.07.14"]
[WhiteTeam "Asturias"]
[BlackTeam "Valencia"]
[WhiteTeamCountry "ESP"]
[BlackTeamCountry "ESP"]

1. e4 c6 2. d4 d5 3. Nd2 dxe4 4. Nxe4 Nf6 5. Nxf6+ exf6 6. c3 Bd6 7. Bd3 O-O 8.
Ne2 Qc7 9. Qc2 Kh8 10. Be3 Re8 11. O-O-O Be6 12. Kb1 Nd7 13. h4 Nf8 14. h5 Qa5
15. Nc1 b5 16. Rdg1 Bd5 17. Rh4 Qc7 18. Rg4 Be6 19. Rh4 a5 20. Qd2 f5 21. Bf4
Bxf4 22. Qxf4 Qxf4 23. Rxf4 g5 24. hxg6 fxg6 25. Rh4 Kg7 26. Bc2 Nd7 27. Nd3
Bf7 28. Rhh1 Bc4 29. Re1 Bxd3 30. Bxd3 Nb6 31. Kc2 Nd5 32. a3 Nb6 33. Re2 Rxe2+
34. Bxe2 Re8 35. Bf3 Re6 36. b3 a4 37. bxa4 Nxa4 38. Kd3 Nb6 39. Rb1 g5 40. g3
Kg6 41. Bd1 h5 42. Bb3 Rd6 43. Ke3 Nd5+ 44. Bxd5 Rxd5 45. Rb4 Rd8 46. c4 Ra8
47. cxb5 Rxa3+ 48. Ke2 cxb5 49. Rxb5 h4 50. gxh4 gxh4 51. Kf1 Kg5 52. Kg2 Kg4
53. Rb8 Rd3 54. Rd8 h3+ 55. Kh2 Kf3 56. Kxh3 f4 57. d5 Kxf2+ 58. Kh4 f3 59. d6
Kf1 60. d7 f2 61. Kh5 Rh3+ 62. Kg4 Kg2 63. Rf8 Rd3 64. Kh4 0-1

[Event "España ch sub-16 2009"]
[Site "Granada ESP"]
[Date "2009.07.19"]
[Round "9.6"]
[White "Rioboo De Larriva, Alvaro"]
[Black "Garcia Salamero, Gabriel"]
[Result "1-0"]
[WhiteElo "2150"]
[BlackElo "2034"]
[PlyCount "47"]
[EventDate "2009.07.14"]
[EventType "swiss"]
[EventRounds "9"]
[EventCountry "ESP"]
[Source "lmi"]
[SourceDate "2009.07.14"]
[WhiteTeam "Andalucia"]
[BlackTeam "Madrid"]
[WhiteTeamCountry "ESP"]
[BlackTeamCountry "ESP"]

1. e4 e5 2. Nf3 Nc6 3. d4 exd4 4. Nxd4 Bc5 5. Nxc6 Qf6 6. Qd2 Qxc6 7. Nc3 Bb4
8. Bd3 Ne7 9. O-O O-O 10. Rb1 a6 11. f4 f5 12. e5 Kh8 13. a3 Bc5+ 14. Kh1 b5
15. Be2 Qe6 16. Bf3 c6 17. Qd3 Bb7 18. Rd1 Rad8 19. b4 Bb6 20. Bb2 Nc8 21. Ne2
d6 22. Nd4 Bxd4 23. Qxd4 dxe5 24. Qxd8 1-0

[Event "España ch sub-16 2009"]
[Site "Granada ESP"]
[Date "2009.07.19"]
[Round "9.7"]
[White "Anaya Lopez, Victor Jose"]
[Black "Villar Perez, Samuel"]
[Result "1-0"]
[WhiteElo "2142"]
[BlackElo "2075"]
[PlyCount "75"]
[EventDate "2009.07.14"]
[EventType "swiss"]
[EventRounds "9"]
[EventCountry "ESP"]
[Source "lmi"]
[SourceDate "2009.07.14"]
[WhiteTeam "Andalucia"]
[BlackTeam "Galicia"]
[WhiteTeamCountry "ESP"]
[BlackTeamCountry "ESP"]

1. e4 c5 2. Nf3 Nc6 3. d4 cxd4 4. Nxd4 Qb6 5. Nb3 Nf6 6. Nc3 e6 7. Qe2 Bb4 8.
Bd2 O-O 9. a3 Bxc3 10. Bxc3 e5 11. O-O-O a5 12. g4 a4 13. Nd2 d5 14. exd5 Nxd5
15. Bxe5 Nxe5 16. Qxe5 Be6 17. Bc4 Qc6 18. Bd3 Rfe8 19. Qe4 g6 20. Rhe1 Rac8
21. Nf3 Bf5 22. Qd4 Rxe1 23. Nxe1 Be6 24. Nf3 Nc3 25. Qxc3 Qxf3 26. Qd4 Bxg4
27. Re1 Be6 28. Kb1 Re8 29. Ka1 Qc6 30. h4 Qd7 31. Qe5 Qd8 32. Bb5 Re7 33. h5
b6 34. hxg6 hxg6 35. f4 f6 36. Qxf6 Qd5 37. c4 Qd2 38. Rh1 1-0

[Event "España ch sub-16 2009"]
[Site "Granada ESP"]
[Date "2009.07.19"]
[Round "9.8"]
[White "Montanes Arribas, Adrian"]
[Black "Rodriguez Lapetra, Pablo"]
[Result "1/2-1/2"]
[WhiteElo "2091"]
[BlackElo "2014"]
[PlyCount "122"]
[EventDate "2009.07.14"]
[EventType "swiss"]
[EventRounds "9"]
[EventCountry "ESP"]
[Source "lmi"]
[SourceDate "2009.07.14"]
[WhiteTeam "Madrid"]
[BlackTeam "Canarias"]
[WhiteTeamCountry "ESP"]
[BlackTeamCountry "ESP"]

1. e4 c5 2. Nf3 e6 3. d4 cxd4 4. Nxd4 Nf6 5. Nc3 d6 6. g4 h6 7. h4 Nc6 8. Rg1
h5 9. gxh5 Nxh5 10. Bg5 Nf6 11. Be2 Qb6 12. Nb3 a6 13. Qd2 Bd7 14. Rg2 Qc7 15.
O-O-O b5 16. a3 Rc8 17. f4 b4 18. axb4 Nxb4 19. Bf3 Bc6 20. Bxf6 gxf6 21. Qd4
a5 22. Qxf6 Rh6 23. Qd4 Rxh4 24. Rg4 Rxg4 25. Bxg4 Bd7 26. Kb1 Rb8 27. Qf6 a4
28. Bh5 Bc8 29. Nd4 Qe7 30. Qxe7+ Kxe7 31. Nxa4 Bd7 32. Nc3 Bg7 33. Nde2 Na6
34. Bf3 Nc5 35. Rh1 Na4 36. Nxa4 Bxa4 37. c3 Bb5 38. Kc2 Ba4+ 39. Kc1 Rc8 40.
Rh5 Rc5 41. Rxc5 dxc5 42. Kd2 e5 43. Kd3 Bb5+ 44. c4 Bc6 45. f5 Bh6 46. Nc3 Kf6
47. Bd1 Kg5 48. Ba4 Bb7 49. Nb5 Bf8 50. Nc3 Bh6 51. Be8 f6 52. Bf7 Kg4 53. Bd5
Bc8 54. Nb5 Bd7 55. Na3 Bc1 56. Kc2 Be3 57. Nb1 Kf4 58. Nc3 Kf3 59. Kd3 Bc1 60.
b3 Bh6 61. Na2 Bf8 1/2-1/2

[Event "España ch sub-16 2009"]
[Site "Granada ESP"]
[Date "2009.07.19"]
[Round "9.9"]
[White "Vazquez Torres, Adrian"]
[Black "Pintor Munoz, Antonio"]
[Result "0-1"]
[WhiteElo "2149"]
[BlackElo "2278"]
[PlyCount "46"]
[EventDate "2009.07.14"]
[EventType "swiss"]
[EventRounds "9"]
[EventCountry "ESP"]
[Source "lmi"]
[SourceDate "2009.07.14"]
[WhiteTeam "Madrid"]
[BlackTeam "Andalucia"]
[WhiteTeamCountry "ESP"]
[BlackTeamCountry "ESP"]

1. e4 e6 2. d4 d5 3. Nc3 Nf6 4. e5 Nfd7 5. f4 c5 6. Nf3 Nc6 7. Be3 a6 8. Qd2 b5
9. dxc5 Bxc5 10. Bxc5 Nxc5 11. Nd4 Qb6 12. O-O-O b4 13. Nce2 Ne4 14. Qe3 a5 15.
Ng3 Nxg3 16. hxg3 Ba6 17. Bxa6 Rxa6 18. f5 Nxd4 19. Rxd4 exf5 20. Qd3 O-O 21.
Rxd5 Qg6 22. Rf1 Qg5+ 23. Kb1 Rg6 0-1

[Event "España ch sub-16 2009"]
[Site "Granada ESP"]
[Date "2009.07.19"]
[Round "9.10"]
[White "Pruja Ramirez De Cartagena, Marc"]
[Black "Vila Gonzalez, Daniel"]
[Result "1/2-1/2"]
[WhiteElo "2214"]
[BlackElo "2072"]
[PlyCount "92"]
[EventDate "2009.07.14"]
[EventType "swiss"]
[EventRounds "9"]
[EventCountry "ESP"]
[Source "lmi"]
[SourceDate "2009.07.14"]
[WhiteTeam "Cataluña"]
[BlackTeam "Galicia"]
[WhiteTeamCountry "ESP"]
[BlackTeamCountry "ESP"]

1. e4 c5 2. Nf3 Nc6 3. d4 cxd4 4. Nxd4 Qb6 5. Nb3 Nf6 6. Nc3 e6 7. Bd3 d6 8.
O-O Be7 9. Be3 Qc7 10. f4 a6 11. Qf3 O-O 12. g4 b5 13. g5 Nd7 14. Qh5 b4 15.
Ne2 Re8 16. Rf3 Nf8 17. Raf1 Bb7 18. Rh3 Bd8 19. Ng3 a5 20. Nd4 Nxd4 21. Bxd4
e5 22. Be3 exf4 23. Bxf4 g6 24. Qh6 Qc5+ 25. Kh1 Qd4 26. Qh4 Bc8 27. Ne2 Qc5
28. Rhf3 Be6 29. Be3 Qe5 30. Qh6 Qg7 31. Qh4 Qe5 32. Rg1 d5 33. Bd4 Qc7 34. Bf6
h5 35. gxh6 Nh7 36. Bxd8 Raxd8 37. Nf4 Qe5 38. Nxd5 Rxd5 39. exd5 Bxd5 40. Rgg3
Qe1+ 41. Kg2 Bxf3+ 42. Kxf3 Qd2 43. Qd4 Qxh6 44. Qf4 Qh5+ 45. Kg2 Qe5 46. Kf3
Kg7 1/2-1/2

[Event "España ch sub-16 2009"]
[Site "Granada ESP"]
[Date "2009.07.19"]
[Round "9.11"]
[White "Silva Rodriguez, Julio"]
[Black "Coll Ortega, Jordi"]
[Result "0-1"]
[WhiteElo "1990"]
[BlackElo "2213"]
[PlyCount "34"]
[EventDate "2009.07.14"]
[EventType "swiss"]
[EventRounds "9"]
[EventCountry "ESP"]
[Source "lmi"]
[SourceDate "2009.07.14"]
[WhiteTeam "Valencia"]
[BlackTeam "Cataluña"]
[WhiteTeamCountry "ESP"]
[BlackTeamCountry "ESP"]

1. e4 c5 2. Nf3 Nf6 3. Nc3 d5 4. exd5 Nxd5 5. Nxd5 Qxd5 6. d4 Bg4 7. Be2 Nc6 8.
Be3 cxd4 9. c3 e5 10. O-O Bxf3 11. Bxf3 e4 12. Bxe4 Qxe4 13. Bg5 Be7 14. Re1
Qd5 15. Bxe7 Nxe7 16. Qe2 Qe6 17. Qc2 Qd7 0-1

[Event "España ch sub-16 2009"]
[Site "Granada ESP"]
[Date "2009.07.19"]
[Round "9.12"]
[White "Navarro Lopez-Menchero, Daniel"]
[Black "Colon Garcia, Enrique"]
[Result "0-1"]
[WhiteElo "2024"]
[BlackElo "2173"]
[PlyCount "70"]
[EventDate "2009.07.14"]
[EventType "swiss"]
[EventRounds "9"]
[EventCountry "ESP"]
[Source "lmi"]
[SourceDate "2009.07.14"]
[WhiteTeam "Valencia"]
[BlackTeam "Cataluña"]
[WhiteTeamCountry "ESP"]
[BlackTeamCountry "ESP"]

1. e4 c5 2. Nf3 d6 3. d4 cxd4 4. Nxd4 Nf6 5. Nc3 a6 6. Be3 e6 7. f3 b5 8. Qd2
b4 9. Nce2 e5 10. Nb3 Nc6 11. g4 h6 12. Ng3 Be6 13. O-O-O Qc7 14. Kb1 a5 15.
Bb5 a4 16. Nc1 d5 17. g5 hxg5 18. Bxg5 Ra5 19. Qe2 d4 20. f4 Qb6 21. Bxc6+ Qxc6
22. Qd3 Bc5 23. Nce2 Ng4 24. fxe5 b3 25. c4 bxa2+ 26. Ka1 a3 27. b4 Bxb4 28.
Nxd4 Qxc4 29. Nb5 Qxd3 30. Rxd3 O-O 31. Rg1 Rxb5 32. Nf5 Bxf5 33. exf5 f6 34.
exf6 Nxf6 35. Rdg3 Bd6 0-1

[Event "España ch sub-16 2009"]
[Site "Granada ESP"]
[Date "2009.07.19"]
[Round "9.13"]
[White "Perera Borrego, Mariela"]
[Black "Sanchez Ibern, Marc"]
[Result "0-1"]
[WhiteElo "1969"]
[BlackElo "2289"]
[PlyCount "40"]
[EventDate "2009.07.14"]
[EventType "swiss"]
[EventRounds "9"]
[EventCountry "ESP"]
[Source "lmi"]
[SourceDate "2009.07.14"]
[WhiteTeam "Andalucia"]
[BlackTeam "Cataluña"]
[WhiteTeamCountry "ESP"]
[BlackTeamCountry "ESP"]

1. d4 Nf6 2. Nf3 g6 3. Bg5 Bg7 4. Nbd2 d5 5. c3 O-O 6. e3 Nbd7 7. Be2 Re8 8.
O-O b6 9. b4 Bb7 10. a4 a5 11. Qc2 e5 12. Rfb1 Qc8 13. bxa5 Rxa5 14. Nb3 Ra8
15. a5 Ne4 16. Bh4 c5 17. Qb2 exd4 18. exd4 cxd4 19. cxd4 Nc3 20. Re1 Rxe2 0-1

[Event "España ch sub-16 2009"]
[Site "Granada ESP"]
[Date "2009.07.19"]
[Round "9.14"]
[White "Gil Quilez, David"]
[Black "Galan Martin, Alejandro"]
[Result "1/2-1/2"]
[WhiteElo "2163"]
[BlackElo "1961"]
[PlyCount "39"]
[EventDate "2009.07.14"]
[EventType "swiss"]
[EventRounds "9"]
[EventCountry "ESP"]
[Source "lmi"]
[SourceDate "2009.07.14"]
[WhiteTeam "Castilla La Mancha"]
[BlackTeam "Extremadura"]
[WhiteTeamCountry "ESP"]
[BlackTeamCountry "ESP"]

1. e4 e6 2. d4 d5 3. Nc3 dxe4 4. Nxe4 Bd7 5. Nf3 Bc6 6. Bd3 Nd7 7. O-O Ngf6 8.
Bg5 Be7 9. Bxf6 Nxf6 10. Ng3 O-O 11. c3 Bxf3 12. Qxf3 c5 13. Qxb7 cxd4 14. Rad1
Bc5 15. Qb5 Qb6 16. c4 Rab8 17. Qxb6 Rxb6 18. b3 Rd8 19. Rfe1 g6 20. Bc2
1/2-1/2